Islamic Countries Quiz - Statistics

General Stats
  • This quiz has been taken 57 times
  • The average score is 9 of 15
Answer Stats
Hint Answer % Correct
Holiest City Mecca
90%
Country With The Most Muslims Indonesia
85%
Former Ottoman Empire Turkey
85%
Held 2022 world cup Qatar
77%
How Many Prayers are There 5
71%
Capital of Afghanistan Kabul
69%
UN Observer State Palestine
56%
Blue flag with white star Somalia
56%
What Country Colonized Yemen UK
50%
What is the most important river of Pakistan Indus
48%
Country meaning land of the pure Pakistan
46%
Formerly known as Paris of the Middle East Beirut
44%
Ethnic Group of Morocco other than Arab Amazigh
42%
UAE Emirate starting with S Sharjah
42%
Formerly Carthage Tunisia
40%
No matching quizzes found
Score Distribution
Percent of People with Each Score
Percentile by Number Answered
Your Score History
You have not taken this quiz